000 00456nam a22001697a 4500
005 20240823053004.0
008 240823b |||||||| |||| 00| 0 eng d
020 _a0702115908
041 _aEnglish
082 _a349 ACT
100 _lEnglish
245 _aActa Juridica
260 _aCape Town:
_bJuta and Company Ltd,
_c1984
300 _bx, 281 pages;
_c25 cm.
650 _aLegal practice
_bLaw
942 _cBK
_6ALISON_BN_VRIES
999 _c2814
_d2814